Quiz Ultime #4 - Statistiques

Statistiques générales
  • Ce quiz a été pris 180 fois
  • Le résultat moyen est 15 sur 50
Statistiques - réponses
Hint Réponse % Correct
À quel pays appartient ce drapeau ? Description de l'image Côte d'Ivoire
88%
Quel personnage fictif belge, créé par le dessinateur Hergé, est le protagoniste de la bande dessinée dont la première aventure, parue en 1929, se déroule au pays des Soviets ? Tintin
69%
Quelle est la couleur de fond du drapeau du Kosovo ? Bleu
65%
Quel est ce pays ? Description de l'image Chypre
59%
Qui est cet homme ? Description de l'image Jean Moulin
59%
Nom de la fête célébrée aux États-Unis le quatrième jeudi de novembre Thanksgiving
58%
En France quelle couleur porte-malheur lorsqu'elle est portée sur scène ? Vert
55%
Capitale de Malte La Valette
54%
De quel pays Hugo Chavez a-t-il été président ? Vénézuela
54%
Monnaie officielle de la Russie Rouble
52%
De quelle île vient ce diable ? Description de l'image Tasmanie
52%
Pays d'Amérique du Sud où les plaques d'immatriculation sont jaunes Colombie
50%
Quel est ce monument ? Description de l'image Fontaine de Trevi
48%
Quelle est la traduction du mot "glace" en italien ? Gelato
48%
Expression péjorative utilisée par les Latino-Américains pour désigner un étranger, en particulier un Américain des États-Unis ? Gringo
47%
Lac situé dans la cordillère des Andes, à la frontière entre la Bolivie et le Pérou ? Lac Titicaca
46%
Quel légume peut être violet, noir, blanc ou graffiti ? Aubergine
41%
Du latin tinctum, coloration, nuance et éclat du visage Teint
41%
À quel club de foot appartient ce logo ? Description de l'image Séville FC
39%
Salt Lake City en est la capitale Utah
34%
Quel régime alimentaire exclut la consommation de miel ? Le véganisme
31%
Les vaches en ont quatre, l'humain un seul Estomacs
29%
Gentilé des habitants du Monténégro Monténégrin
28%
Dans quel anime peut-on acquérir cette licence ? Description de l'image Hunter × Hunter
27%
Pokémon de type Dragon et Vol qui porte le numéro 149 dans le Pokédex Dracolosse
25%
Date généralement associée à la chute de Rome 476
24%
Quel fruit comprend une variété appelée cantaloup ? Melon
24%
Combien de sites sont présents sur la map Lotus ? 3
20%
Que transporte un wagon de grume ? du bois
20%
Quel rappeur a sorti son album intitulé "BIGLAF" en septembre 2024 ? La Fève
20%
Lieu de naissance de Picasso Malaga
20%
Plante aromatique rampante à très petites feuilles, utilisée comme condiment et en pharmacie notamment pour les huiles essentielles Thym
20%
Quel ingrédient est essentiel à la préparation d'un Moscow Mule ? (hors alcool) Ginger beer
17%
Qui est l'artiste derrière la peinture à l'huile sur toile "Danse à la ville" réalisée en 1883 ? Description de l'image Renoir
15%
Terme médical pour l'incapacité à contrôler la miction (action d'uriner) Incontinent
14%
Onzième mois du calendrier républicain (du 19 juillet au 18 août) et spécialité culinaire gastronomique parisienne à base de homard gratiné Thermidor
14%
Comment appelle-t-on le petit du poisson ? Alevin
12%
Vent froid et sec qui souffle principalement sur l'Allemagne, le Plateau suisse, le bassin lémanique, ainsi qu'en région lyonnaise et en plaine d'Alsace La bise
10%
Corner joué à deux joueurs, lorsque le ballon n’est pas envoyé directement dans la surface de réparation Corner à la rémoise
8%
Quel jeu controversé, apparu en Russie en 2016, proposait aux joueurs de relever un défi quotidien pendant 50 jours, avec un dernier défi tragique incitant au suicide ? Blue Whale Challenge
7%
Plante herbacée robuste dont le fuit est une gousse contenant des graines de forme ovale et aplatie avec une peau épaisse Fève
7%
Célèbre pâtisserie suédoise en forme de spirale, parfumée à la cannelle et souvent servie avec du café Kanelbulle
7%
Créature céleste mentionnée dans la Bible, dotée de trois paires d'ailes, qui entoure le trône de Dieu Séraphin
6%
Quelle frontière est souvent reconnue comme la plus ancienne d'Europe ? Frontière entre l'Espagne et le Portugal
5%
Quelle ville est surnommée la Venise polonaise ? Wroclaw
5%
Nom maori de la Nouvelle-Zélande Aotearoa
4%
Que signifie l'acronyme de la marque de vêtements A.P.C. ? Atelier de production et de création
3%
Qu'était le Gondwana Un continent
3%
Quel architecte a conçu la verrière de la gare de Lyon à Paris ? Marius Toudoire
1%
Quel est cet oiseau ? Description de l'image Chardonneret de Magellan
0%
Aucun quiz correspondant
Distribution des résultats
% des personnes avec chaque résultat
Percentile par nombre de réponses
Votre historique - résultats
Vous n’avez pas pris ce quiz